WIEN und DESSEN MERKWÜRDIGKEITEN, oder Unterrichtender Wegweiser für Fremde : Enthält: eine vollständige Beschreibung aller interessanten Gegenstände und Eigenthümlichkeiten dieser Hauptstadt, ihrer Bewohner, Gebäude, Umgebungen und Denkmähler &. Nebst besonderen Plänen und Ansichten

Další autoři: Müller, A.
Jazyk: Němčina
Vydáno: WIEN : Herausgeben und zu haben bey ARTARIA COMPAG, 1818
Témata:
Externí odkaz: Digitalizovaný dokument (Exemplář z Rakouské národní knihovny)
Fyzický popis: 2 nečíslované strany, VI, 233 stran, 4 nečíslované strany ; 8°
Knihy
Uloženo v:
LEADER 02420nam a2200565 i 4500
001 mzk03001235547
003 CZ BrMZK
005 20180122090743.0
007 ta
008 170526s1818 au fr|||||00| ||gerod
040 |a BOA001  |b cze  |e rda 
072 7 |a 904  |x Kulturní památky historického období obecně  |2 Konspekt  |9 8 
072 7 |a 094.5  |x Tisky (19. století)  |2 Konspekt  |9 12 
080 |a 904  |2 MRF 
080 |a 711.4  |2 MRF 
080 |a 025.171  |2 MRF 
080 |a (0.068)094  |2 MRF 
080 |a (036)  |2 MRF 
245 0 0 |a WIEN und DESSEN MERKWÜRDIGKEITEN, oder Unterrichtender Wegweiser für Fremde :  |b Enthält: eine vollständige Beschreibung aller interessanten Gegenstände und Eigenthümlichkeiten dieser Hauptstadt, ihrer Bewohner, Gebäude, Umgebungen und Denkmähler &. Nebst besonderen Plänen und Ansichten 
264 1 |a WIEN :  |b Herausgeben und zu haben bey ARTARIA COMPAG,  |c 1818 
300 |a 2 nečíslované strany, VI, 233 stran, 4 nečíslované strany ;  |c 8° 
336 |a text  |b txt  |2 rdacontent 
337 |a bez média  |b n  |2 rdamedia 
338 |a svazek  |b nc  |2 rdacarrier 
500 |a Výzdoba: Zdobený titulní list signovaný A. Müller sc., ozdobné jednoduché linky 
500 |a Rozsah: [2], VI, 233, [4] 
500 |a Na předsádce rukopisná poznámka Constat 5 fl. 
561 |a Provenience: P. Ludovici Camm O.S.B. sacerdotis 
561 |a Provenience: [m.p.] Monasterii Braunensis O.S.B. 
561 |a Provenience: [razítko] S.A.B. BRAUNAU 
561 |a Provenience: [razítko] SVK HK/ 1923 
563 |a Papírová vazba, desky z pevného papíru 
650 7 |a památky  |7 ph123920  |2 czenas 
650 7 |a města  |7 ph115399  |2 czenas 
650 7 |a historické knihovní fondy  |7 ph172933  |2 czenas 
651 7 |a Vídeň (Rakousko)  |7 ge131380  |2 czenas 
655 4 |a tisky 19. století 
655 7 |a průvodce  |7 fd133154  |2 czenas 
700 1 |a Müller, A.  |4 ill 
856 4 2 |u http://digital.onb.ac.at/OnbViewer/viewer.faces?doc=ABO_%2BZ220163504  |y Digitalizovaný dokument  |z Exemplář z Rakouské národní knihovny 
910 |a NAG950  |b B - XX. D. bb. 26,1 
978 |b Artaria - dílna  |a Wien  |c 1818 
981 1 |a Gamm, Ludovicus 
982 0 |a Broumov - benediktinský klášter 
982 0 |a Hradec Králové - SVK 
984 |a Vídeň  |b Rakousko 
985 |a 1801-1850 
990 |a BK 
991 |k broumov 
980 |c 001315  |g B - XX. D. bb. 26,1  |1 458950001315